| 000 | 00435cam a2200169ua 4500 | ||
|---|---|---|---|
| 003 | OSt | ||
| 008 | 240326b |||||||| |||| 00| 0 eng d | ||
| 041 | _aeng | ||
| 082 |
_a745 _bCOX/CR |
||
| 100 |
_aCox, Doris . _96186 |
||
| 245 | _aCreative hands: An introduction to craft techniques / | ||
| 250 | _a2 / | ||
| 260 |
_aLondon : _bJohn Wiley & Sons , _c1959. |
||
| 300 | _a381 ; . | ||
| 700 | 1 |
_aWarren, Barbera. _96187 |
|
| 942 | _cBK | ||
| 999 |
_c5954 _d5954 |
||